Statistics for New Hampshire Towns and Cities Map Quiz

Click here to take the quiz!

General Stats

  • This quiz has been taken 625 times
  • The average score is 75 of 234

Answers on the Map

Answers color-coded by a green-red scale on the quiz's map according to % correct below.
Loading ...
 

Answer Stats

Answer% Correct
Concord
92%
Manchester
91%
Portsmouth
83%
Hampton
79%
Nashua
79%
Salem
76%
Keene
74%
Londonderry
71%
Derry
69%
Dover
68%
Conway
67%
Laconia
64%
Merrimack
63%
Durham
61%
Hanover
61%
Berlin
60%
Lebanon
60%
Lincoln
59%
Exeter
58%
Plymouth
58%
Bedford
56%
Rye
56%
Pelham
55%
Pittsburg
55%
Chester
52%
Amherst
51%
New Boston
51%
Rochester
50%
Franconia
49%
Windham
48%
Hudson
47%
Kingston
47%
Milford
47%
Hill
46%
Meredith
46%
North Hampton
46%
Franklin
45%
Andover
44%
Epping
44%
Hollis
44%
Littleton
44%
Peterborough
44%
Wolfeboro
44%
Gilford
43%
Lee
43%
Tilton
43%
Washington
43%
Hillsborough
42%
Jefferson
42%
Litchfield
42%
Seabrook
42%
Bow
41%
Brookline
41%
Goffstown
41%
Hooksett
41%
Auburn
40%
Jackson
40%
Ossipee
40%
South Hampton
40%
New London
39%
Winchester
39%
Alton
38%
Atkinson
38%
Newton
38%
Plaistow
38%
Claremont
37%
Gorham
37%
New Castle
37%
Raymond
37%
Grafton
36%
Deerfield
35%
Newington
35%
Belmont
34%
Candia
34%
Lancaster
34%
Greenfield
34%
Greenland
34%
Loudon
34%
Milton
34%
Moultonborough
34%
Newmarket
34%
Somersworth
34%
Stratham
34%
Weare
34%
Wilton
34%
Woodstock
34%
Dublin
33%
Henniker
33%
Hopkinton
33%
Hampstead
32%
Hancock
32%
Haverhill
32%
Madison
32%
Newport
32%
Sandwich
32%
Sunapee
32%
Albany
31%
Barrington
31%
Bartlett
31%
Bristol
31%
Greenville
31%
Hampton Falls
31%
Jaffrey
31%
New Hampton
31%
Northwood
31%
Pittsfield
31%
Sandown
31%
Springfield
31%
Farmington
30%
Canterbury
29%
Newbury
29%
Nottingham
29%
Rindge
29%
Ashland
28%
Epsom
28%
Hinsdale
28%
Middleton
28%
New Durham
28%
New Ipswich
28%
Northfield
28%
Strafford
28%
Tamworth
28%
Wakefield
28%
Allenstown
27%
Bennington
27%
Bethlehem
27%
Brentwood
27%
Chesterfield
27%
Danville
27%
East Kingston
27%
Errol
27%
Milan
27%
Pembroke
27%
Waterville Valley
27%
Whitefield
27%
Freedom
26%
Gilmanton
26%
Hart's Location
26%
Holderness
26%
Madbury
26%
Warren
26%
Charlestown
25%
Kensington
25%
Orange
25%
Stewartstown
25%
Barnstead
24%
Bradford
24%
Center Harbor
24%
Chatham
24%
Chichester
24%
Colebrook
24%
Easton
24%
Effingham
24%
Francestown
24%
Marlborough
24%
Mason
24%
Monroe
24%
Mont Vernon
24%
Salisbury
24%
Tuftonboro
24%
Webster
24%
Windsor
24%
Acworth
23%
Antrim
23%
Campton
23%
Danbury
23%
Deering
23%
Enfield
23%
Newfields
23%
Rollinsford
23%
Sutton
23%
Swanzey
23%
Walpole
23%
Randolph
22%
Sharon
22%
Carroll
21%
Columbia
21%
Dummer
21%
Dunbarton
21%
Fremont
21%
Groton
21%
Rumney
21%
Sullivan
21%
Warner
21%
Westmoreland
21%
Fitzwilliam
20%
Lyme
20%
Shelburne
20%
Alexandria
19%
Boscawen
19%
Grantham
19%
Thornton
19%
Bridgewater
18%
Brookfield
18%
Clarksville
18%
Cornish
18%
Dalton
18%
Harrisville
18%
Hebron
18%
Orford
18%
Richmond
18%
Stratford
18%
Sugar Hill
18%
Temple
18%
Bath
17%
Canaan
17%
Northumberland
17%
Sanbornton
17%
Plainfield
16%
Croydon
15%
Dorchester
15%
Eaton
15%
Goshen
15%
Lisbon
15%
Troy
15%
Unity
15%
Alstead
14%
Lyndeborough
14%
Surry
14%
Benton
13%
Wilmot
13%
Marlow
12%
Roxbury
12%
Ellsworth
11%
Gilsum
11%
Lempster
11%
Stoddard
11%
Wentworth
11%
Stark
10%
Landaff
9%
Nelson
8%
Langdon
7%
Lyman
6%
Piermont
6%

Score Distribution

Percentile by Number Answered

Percent of People with Each Score

Your Score History

You have not taken this quiz